000 05033cam a22003978i 4500
001 22757324
003 CSPC
005 20250312100813.0
008 220819s2023 nju b 001 0 eng
010 _a 2022038114
020 _a9781119818564
_q(hardback)
040 _aDLC
_beng
_erda
_cDLC
_dCSPC
042 _apcc
050 0 0 _aTK1001
_b.M5985 2023
082 0 0 _a621.31
_bM725p
_223/eng/20221017
100 1 _aMohan, Ned,
_eauthor.
245 1 0 _aPower electronics, a first course :
_bsimulations and laboratory implementations /
_cNed Mohan and Siddharth Raju.
250 _aSecond edition.
263 _a2305
264 1 _aHoboken, New Jersey :
_bJohn Wiley & Sons, Inc.,
_c2023.
300 _axix, 327 pages :
_billustrations ;
_c26 cm.
336 _atext
_btxt
_2rdacontent
337 _aunmediated
_bn
_2rdamedia
338 _avolume
_bnc
_2rdacarrier
504 _aIncludes bibliographical references and index.
505 0 _aPower electronics: an enabling technology -- Design of switching power-poles -- Switch-mode DC-DC converters: switching analysis, topology selection, and design -- Designing feedback controllers in switch-mode DC power supplies -- Rectification of utility input using diode rectifiers -- Power-factor-correction (PFC) circuits and designing the feedback controller -- Magnetic circuit concepts -- Switch-mode DC power supplies -- Design of high-frequency inductors and transformers -- Soft-switching in DC-DC converters and half-bridge resonant converters -- Applications of switch-mode power electronics in motor drives, uninterruptible power supplies, and power systems -- Synthesis of DC and low-frequency sinusoidal AC voltages for motor drives, UPS and power systems applications -- Thyristor converters -- Utility applications of power electronics.
520 _a"Role of Power Electronics in Providing Sustainable Electric Energy As discussed in the introductory chapter of this textbook, power electronics is an enabling technology for powering information technology and making factory automation feasible. In addition, power electronics has a crucial role to play in providing sustainable electric energy. Most scientists now believe that carbon-based fuels for energy production con- tribute to climate change, which is a serious threat facing human civilization. In the United States, the Department of Energy reports that approximately 40% of all the energy consumed is first converted into electricity. Potentially, use of electric and plug-in hybrid cars, high speed rails, and so on may increase this to even 60%. Therefore, it is essential that we generate electricity from renewable sources such as wind and solar, which at present represent only slightly over 4%, build the next-generation smarter and robust grid to utilize renewable resources often in remote locations, and use electricity in more energy-efficient ways. Undoubtedly, using electricity efficiently and generating it from renewable sources are the twin pillars of sustainability, and as described in this textbook, power electronic systems are a key to them both! This textbook focuses on Power Electronic Systems as one of the topics in an integrated Electric Energy Systems curriculum consisting of Power Electronics, Power Systems and Electric Machines and Drives. This textbook follows a top-down systems- level approach to Power Electronics to highlight interrelationships between these sub- fields within this curriculum, and is intended to cover both the fundamentals and practical design in a single-semester course. This textbook follows a building-block approach to power electronics that allows an in-depth discussion of several important topics that are left out in a conventional course, for example, designing feedback control, power-factor-correction circuits, soft- switching, and Space-Vector PWM, which is a PWM technique, far superior to Sine- PWM, to name a few. Topics in this book are carefully sequenced to maintain continuity and student interest throughout the course. In a fast-paced course with proper student background, this book can be covered from front-to-back in one semester. However, the material is arranged in such a way that an instructor, to accommodate the students' background, can either omit an entire topic or cover it quickly to provide just an overview using the accompanying slides, without interrupting the flow"--
_cProvided by publisher.
650 0 _aElectric power systems.
650 7 _aTECHNOLOGY & ENGINEERING / Power Resources / General.
_2bisacsh
700 1 _aRaju, Siddharth,
_eauthor.
776 0 8 _iOnline version:
_aMohan, Ned.
_tPower electronics, a first course
_bSecond edition.
_dHoboken, New Jersey : John Wiley & Sons, 2023
_z9781119818571
_w(DLC) 2022038115
906 _a7
_bcbc
_corignew
_d1
_eecip
_f20
_gy-gencatlg
942 _2ddc
_cBK
_e23
_h621.31
_iM725p
_kENG
_m2023
_n0
999 _c29125
_d29125